00421nam a2200145Ia 450000500170000000800460001703700120006304000210007504100130009608400220010924500520013124500340018326000490021730000090026620250508161345.0008 250505s9999 xx 000 0 eng d aTextual aFEDL bengcFEDL aeng2eng a323.67, CITqFEDL 0aWhen men are free: Premises of American liberty 0cCitizenship Education Project aBoston, USAbHoughton Mifflin Companyc1955 a167p